Normal view
MARC view
- HACKETT, JERERY
Entry Personal Name
001 - CONTROL NUMBER
- control field: 86701
003 - CONTROL NUMBER IDENTIFIER
- control field: NUST
005 - DATE AND TIME OF LATEST TRANSACTION
- control field: 20211215162638.0
008 - FIXED-LENGTH DATA ELEMENTS
- fixed length control field: 211215|| aca||aabn | a|a d
040 ## - CATALOGING SOURCE
- Original cataloging agency: NUST
- Transcribing agency: NUST
100 ## - HEADING--PERSONAL NAME
- Personal name: HACKETT, JERERY
670 ## - SOURCE DATA FOUND
- Source citation: Work cat.: (NUST): HACKETT, JERERY., CONSTRUCTION CLAIMS /, 2000.
